[Event "27. Torneo San Viator 2016"]
[Site "Madrid ESP"]
[Date "2016.11.13"]
[Round "8.14"]
[White "Padin Lazaro, Jose Manuel"]
[Black "Lizon Martinez, Santiago"]
[Result "1/2-1/2"]
[WhiteElo "1913"]
[BlackElo "1757"]
[PlyCount "39"]
[EventDate "2016.09.25"]
[EventType "swiss"]
[EventRounds "9"]
[EventCountry "ESP"]
[SourceTitle "Ajedrez en Madrid"]
[Source "lmi"]
[SourceDate "2016.09.25"]

1. e4 c5 2. Nf3 d6 3. d4 cxd4 4. Nxd4 Nf6 5. Nc3 a6 6. Bc4 e6 7. Bb3 Be7 8. g4
h6 9. Rg1 Nc6 10. Be3 Na5 11. Qe2 Nxb3 12. axb3 Bd7 13. O-O-O b5 14. Qd3 Qc7
15. h4 b4 16. Nce2 Qa5 17. g5 hxg5 18. hxg5 Nh5 19. Kd2 Qc7 20. Ra1 1/2-1/2

[Event "27. Torneo San Viator 2016"]
[Site "Madrid ESP"]
[Date "2016.11.13"]
[Round "8.15"]
[White "Jimenez Elices, Jose Maria"]
[Black "Barahona Torrijos, Angel"]
[Result "0-1"]
[WhiteElo "1785"]
[BlackElo "1848"]
[PlyCount "68"]
[EventDate "2016.09.25"]
[EventType "swiss"]
[EventRounds "9"]
[EventCountry "ESP"]
[SourceTitle "Ajedrez en Madrid"]
[Source "lmi"]
[SourceDate "2016.09.25"]

1. e4 e5 2. Nf3 Nc6 3. Bb5 Nd4 4. Nxd4 exd4 5. Bc4 Qg5 6. O-O Nf6 7. e5 Ng4 8.
Qf3 d3 9. Qxf7+ Kd8 10. Bxd3 Bc5 11. Qf5 Qh4 12. h3 h5 13. e6 d6 14. Bc4 Nxf2
15. d4 Nxh3+ 16. Qxh3 Qxd4+ 17. Kh1 Qxc4 18. Bg5+ Ke8 19. Nd2 Qg4 20. Bf4 Qxh3+
21. gxh3 Bxe6 22. Rae1 Kd7 23. Kh2 Rae8 24. a3 Bd5 25. c4 Bf7 26. Ne4 Bxc4 27.
Nxc5+ dxc5 28. Rd1+ Kc6 29. Rg1 Re2+ 30. Kg3 Rxb2 31. Rge1 h4+ 32. Kf3 Rf8 33.
Re7 Bd5+ 34. Kg4 Rg2+ 0-1

[Event "27. Torneo San Viator 2016"]
[Site "Madrid ESP"]
[Date "2016.11.13"]
[Round "8.16"]
[White "Blanco Diez, David"]
[Black "Sanchez Gomez, Emiliano"]
[Result "1/2-1/2"]
[WhiteElo "1845"]
[BlackElo "1745"]
[PlyCount "81"]
[EventDate "2016.09.25"]
[EventType "swiss"]
[EventRounds "9"]
[EventCountry "ESP"]
[SourceTitle "Ajedrez en Madrid"]
[Source "lmi"]
[SourceDate "2016.09.25"]

1. d4 Nf6 2. c4 g6 3. Nc3 d5 4. cxd5 Nxd5 5. e4 Nxc3 6. bxc3 Bg7 7. Nf3 c5 8.
Rb1 O-O 9. Be2 Nc6 10. d5 Ne5 11. Nxe5 Bxe5 12. Qd2 Qa5 13. Rb3 e6 14. f4 Bg7
15. c4 Qxd2+ 16. Kxd2 b6 17. Bb2 Bd7 18. Bxg7 Kxg7 19. Bf3 Rfd8 20. Re1 h5 21.
Kc3 exd5 22. exd5 Re8 23. Rbb1 Rxe1 24. Rxe1 Re8 25. Rxe8 Bxe8 26. g4 hxg4 27.
Bxg4 f5 28. Bd1 Kf6 29. h4 Ke7 30. Bc2 Bd7 31. Kb3 Kf6 32. Ka3 Ke7 33. Ba4 a6
34. Bxd7 Kxd7 35. Kb3 Kd6 36. a4 a5 37. Kc3 Ke7 38. Kd3 Kd6 39. Ke3 Ke7 40. Kf3
Kd6 41. Ke3 1/2-1/2

[Event "27. Torneo San Viator 2016"]
[Site "Madrid ESP"]
[Date "2016.11.13"]
[Round "8.17"]
[White "Comeron Galan, Daniel"]
[Black "Garcia Martin, Esteban"]
[Result "0-1"]
[WhiteElo "1493"]
[BlackElo "1881"]
[PlyCount "104"]
[EventDate "2016.09.25"]
[EventType "swiss"]
[EventRounds "9"]
[EventCountry "ESP"]
[SourceTitle "Ajedrez en Madrid"]
[Source "lmi"]
[SourceDate "2016.09.25"]

1. d4 Nf6 2. Nf3 b6 3. Bf4 Bb7 4. e3 e6 5. Bd3 c5 6. c3 Be7 7. h3 Nc6 8. Nbd2
d6 9. Qe2 O-O 10. O-O cxd4 11. exd4 Re8 12. Ne4 Qc7 13. Rfe1 Rad8 14. Rad1 g6
15. Bg5 Nxe4 16. Bxe4 Bxg5 17. Nxg5 Qe7 18. Nf3 Rc8 19. Qd2 Na5 20. d5 e5 21.
b3 Ba6 22. Bd3 Bxd3 23. Qxd3 Nb7 24. Nd4 Qc7 25. Nb5 Qb8 26. b4 a6 27. Na3 Qa7
28. Nc2 Re7 29. Ne3 Rec7 30. c4 Nd8 31. Re2 Kg7 32. f4 exf4 33. Qd4+ f6 34.
Qxf4 Nf7 35. Rf1 f5 36. g4 fxg4 37. Qf6+ Kg8 38. Nxg4 b5+ 39. Kh2 bxc4 40. h4
Qb7 41. h5 Qxd5 42. Qxg6+ hxg6 43. Nf6+ Kg7 44. Nxd5 Rb7 45. hxg6 Ne5 46. Rc2
Rh8+ 47. Kg1 Rh5 48. Rd1 Rg5+ 49. Kf1 Rxg6 50. a3 Rf7+ 51. Ke1 Rg1+ 52. Ke2
Rg2+ 0-1

[Event "27. Torneo San Viator 2016"]
[Site "Madrid ESP"]
[Date "2016.11.13"]
[Round "8.19"]
[White "Gil Calvente, Jose Antonio"]
[Black "Braziunaite, Rasa"]
[Result "1-0"]
[WhiteElo "1721"]
[BlackElo "1384"]
[PlyCount "53"]
[EventDate "2016.09.25"]
[EventType "swiss"]
[EventRounds "9"]
[EventCountry "ESP"]
[SourceTitle "Ajedrez en Madrid"]
[Source "lmi"]
[SourceDate "2016.09.25"]

1. d4 Nf6 2. Nf3 e6 3. e3 c5 4. Bd3 b6 5. b3 Bb7 6. O-O Be7 7. Bb2 O-O 8. Nbd2
d5 9. Ne5 Nbd7 10. f4 Nxe5 11. fxe5 Ne4 12. Nxe4 dxe4 13. Bc4 Bg5 14. Qe1 Qe7
15. Qg3 Bd5 16. Be2 f6 17. c4 Bb7 18. dxc5 bxc5 19. h4 Bh6 20. exf6 Qe8 21.
fxg7 Rxf1+ 22. Rxf1 Qg6 23. Qxg6 Bxe3+ 24. Kh2 hxg6 25. Bg4 Re8 26. Bxe6+ Kh7
27. Rf8 1-0